<?xml version="1.0" encoding="UTF-8"?>
<record
    xmlns:xsi="http://www.w3.org/2001/XMLSchema-instance"
    xsi:schemaLocation="http://www.loc.gov/MARC21/slim http://www.loc.gov/standards/marcxml/schema/MARC21slim.xsd"
    xmlns="http://www.loc.gov/MARC21/slim">

  <leader>00549nam a2200133   4500</leader>
  <controlfield tag="008">305.488.960.73 W361w</controlfield>
  <datafield tag="020" ind1=" " ind2=" ">
    <subfield code="a">9780872731837</subfield>
  </datafield>
  <datafield tag="082" ind1=" " ind2=" ">
    <subfield code="a">305.488.960.73</subfield>
    <subfield code="b">W361w</subfield>
  </datafield>
  <datafield tag="100" ind1=" " ind2=" ">
    <subfield code="a">Brooklyn Museum</subfield>
    <subfield code="9">6204</subfield>
  </datafield>
  <datafield tag="245" ind1=" " ind2=" ">
    <subfield code="a">We Wanted a Revolution: Black Radical Women 1965-85</subfield>
    <subfield code="b">A Surcebook</subfield>
  </datafield>
  <datafield tag="300" ind1=" " ind2=" ">
    <subfield code="a">320 p.</subfield>
    <subfield code="b">ill (col)</subfield>
    <subfield code="c">26.5 x 20 cm.</subfield>
  </datafield>
  <datafield tag="650" ind1=" " ind2=" ">
    <subfield code="x">sociolog&#xED;a</subfield>
    <subfield code="x">grupos de personas</subfield>
    <subfield code="x">mujer</subfield>
    <subfield code="x">afroamericanas</subfield>
    <subfield code="x">mujeres autoras</subfield>
    <subfield code="x">mujer afroamericana</subfield>
    <subfield code="x">literatura feminista</subfield>
    <subfield code="x">feminismo</subfield>
    <subfield code="x">historia</subfield>
    <subfield code="9">6205</subfield>
  </datafield>
  <datafield tag="700" ind1=" " ind2=" ">
    <subfield code="a">Morris, Catherine &amp; Hockley, Rujeko (editoras)</subfield>
    <subfield code="9">6206</subfield>
  </datafield>
  <datafield tag="999" ind1=" " ind2=" ">
    <subfield code="c">1409</subfield>
    <subfield code="d">1409</subfield>
  </datafield>
  <datafield tag="952" ind1=" " ind2=" ">
    <subfield code="0">0</subfield>
    <subfield code="1">0</subfield>
    <subfield code="2">ddc</subfield>
    <subfield code="4">0</subfield>
    <subfield code="7">0</subfield>
    <subfield code="a">LV</subfield>
    <subfield code="b">LV</subfield>
    <subfield code="c">Pensamiento</subfield>
    <subfield code="d">2018-03-17</subfield>
    <subfield code="l">0</subfield>
    <subfield code="o">305.488.960.73 W361w</subfield>
    <subfield code="r">2018-03-17 00:00:00</subfield>
    <subfield code="w">2018-03-17</subfield>
    <subfield code="y">01</subfield>
  </datafield>
</record>
